Statistics for Masters of the Universe creatures, vehicles ect.

Click here to take the quiz!

General Stats

  • This quiz has been taken 31 times
  • The average score is 23 of 52

Answer Stats

YearAnswer% Correct
1982creaturesBattle Cat
100%
1982play setsCastle Grayskull
100%
1984play setsSnake Mountain
100%
1983creaturesPanthor
94%
1982vehiclesBattle Ram
81%
1982vehiclesWind Raider
81%
1986play setsEternia
75%
1986play setsSlime Pit
75%
1983creaturesZoar
75%
1983vehiclesAttak Trak
69%
1985creaturesBattle Bones
69%
1984vehiclesDragon Walker
69%
1985play setsFright Zone
69%
1985vehiclesLand Shark
69%
1983play setsPoint Dread & Talon Fighter
69%
1984vehiclesRoad Ripper
69%
1983creaturesScreeech
69%
1984creaturesStridor
69%
1985vehiclesBashasaurus
56%
1985creaturesNight Stalker
56%
1984vehiclesRoton
56%
1986creaturesMantisaur
50%
1984accessoriesWeapons Pak
44%
1985vehiclesSpydor
38%
1986accessoriesStilt Stalker
31%
1987creaturesBionatops
25%
1986vehiclesBlaster Hawk
25%
1987creaturesDinosorb
25%
1986vehiclesFright Fighter
25%
1986accessoriesJet Sled
25%
1986accessoriesMegalaser
25%
1987creaturesOrbear
25%
1987accessoriesScubattack
25%
1987accessoriesTower Tools
25%
1987creaturesTy-Grrr
25%
1987creaturesAstro-Lion
19%
1987accessoriesBeam-Blaster & Artilleray
19%
1987accessoriesCliff Climber
19%
1987creaturesComet Cat
19%
1987creaturesCometroid
19%
1987creaturesCrocobite
19%
1987creaturesGore-illa
19%
1986creaturesMonstroid
19%
1987creaturesRhinorb
19%
1987creaturesTurbodactyl
19%
1987creaturesTuskor
19%
1987creaturesTyrantisaurus Rex
19%
1986vehiclesLaser Bolt
13%
1986accessoriesSlime Vat
13%
1987creaturesMegator
6%
1985accessoriesThunder Punch Ammo
6%
1987creaturesTytus
6%

Score Distribution

Percentile by Number Answered

Percent of People with Each Score

Your Score History

You have not taken this quiz